Enquêtes sur L´Amerique Moyenne (Record no. 10430)
[ view plain ]
| 000 -CABECERA | |
|---|---|
| campo de control de longitud fija | 01194nam a2200313 a 4500 |
| 001 - NÚMERO DE CONTROL | |
| campo de control | BRL_1621 |
| 005 - FECHA Y HORA DE LA ÚLTIMA TRANSACCIÓN | |
| campo de control | 20190320211307.0 |
| 008 - DATOS DE LONGITUD FIJA--INFORMACIÓN GENERAL | |
| campo de control de longitud fija | 140414s1989----mx-abo####---#000-0#fre-# |
| 020 ## - NÚMERO INTERNACIONAL ESTÁNDAR DEL LIBRO | |
| Número Internacional Estándar del Libro | 9686029087 |
| 041 ## - CÓDIGO DE LENGUA | |
| Código de lengua del texto/banda sonora o título independiente | fre |
| 044 ## - CÓDIGO DEL PAÍS DE LA ENTIDAD EDITORA/PRODUCTORA | |
| Código MARC del país | mx |
| 050 #4 - SIGNATURA TOPOGRÁFICA DE LA BIBLIOTECA DEL CONGRESO | |
| Número de clasificación | F1219 |
| Número de documento/Ítem | .E57 1989 |
| 245 10 - MENCIÓN DE TÍTULO | |
| Título | Enquêtes sur L´Amerique Moyenne |
| Resto del título | Mélanges offerts á Guy Stresser-Péan |
| Mención de responsabilidad, etc. | coordinateur Dominique Michelet. |
| 260 ## - PUBLICACIÓN, DISTRIBUCIÓN, ETC. | |
| Lugar de publicación, distribución, etc. | México |
| Nombre del editor, distribuidor, etc. | INAH : Consejo Nacional para la Cultutra y las Artes : Centre D´Études Mexicaines et Centraméricaines |
| Fecha de publicación, distribución, etc. | 1989 |
| 300 ## - DESCRIPCIÓN FÍSICA | |
| Extensión | 380 p. |
| Otras características físicas | il., mapas, fotografías (blanco y negro) |
| Dimensiones | 28 cm. |
| 440 #0 - MENCIÓN DE SERIE/PUNTO DE ACCESO ADICIONAL--TÍTULO | |
| Título | Études mésoaméricaines |
| Designación de volumen o secuencia | 16 |
| 9 (RLIN) | 27464 |
| 500 ## - NOTA GENERAL | |
| Nota general | Au1852 |
| 500 ## - NOTA GENERAL | |
| Nota general | Texto en: inglés y español |
| 504 ## - NOTA DE BIBLIOGRAFÍA, ETC. | |
| Nota de bibliografía, etc. | Bibliografía: p. 380 |
| 651 #4 - PUNTO DE ACCESO ADICIONAL DE MATERIA--NOMBRE GEOGRÁFICO | |
| Nombre geográfico | México |
| Subdivisión general | Historia |
| Subdivisión cronológica | Hasta 1514 |
| 9 (RLIN) | 27465 |
| 651 #4 - PUNTO DE ACCESO ADICIONAL DE MATERIA--NOMBRE GEOGRÁFICO | |
| Nombre geográfico | México |
| Subdivisión general | Antigüedades |
| 9 (RLIN) | 2765 |
| 651 #4 - PUNTO DE ACCESO ADICIONAL DE MATERIA--NOMBRE GEOGRÁFICO | |
| Nombre geográfico | América Central |
| Subdivisión general | Historia |
| Subdivisión cronológica | Hasta 1514 |
| 9 (RLIN) | 27466 |
| 651 #4 - PUNTO DE ACCESO ADICIONAL DE MATERIA--NOMBRE GEOGRÁFICO | |
| Nombre geográfico | América Central |
| Subdivisión general | Antigüedades |
| 9 (RLIN) | 23855 |
| 700 1# - PUNTO DE ACCESO ADICIONAL--NOMBRE DE PERSONA | |
| Nombre de persona | Michelet, Dominique |
| 9 (RLIN) | 27467 |
| 710 2# - PUNTO DE ACCESO ADICIONAL--NOMBRE DE ENTIDAD CORPORATIVA | |
| Nombre de entidad corporativa o nombre de jurisdicción como elemento de entrada | Consejo Nacional para la Cultutra y las Artes |
| 9 (RLIN) | 27468 |
| 710 2# - PUNTO DE ACCESO ADICIONAL--NOMBRE DE ENTIDAD CORPORATIVA | |
| Nombre de entidad corporativa o nombre de jurisdicción como elemento de entrada | Centre D´Études Mexicaines et Centraméricaines |
| 9 (RLIN) | 27377 |
| 902 ## - CATALOGADOR | |
| Iniciales | GRL |
| 942 ## - ELEMENTOS DE PUNTO DE ACCESO ADICIONAL (KOHA) | |
| Fuente del sistema de clasificación o colocación | Library of Congress Classification |
| Tipo de ítem Koha | Libros |
| Estado de retiro | Estado de pérdida | Estado dañado | No para préstamo | Localización permanente | Ubicación/localización actual | Fecha de adquisición | Número de inventario | Total de préstamos | Signatura topográfica completa | Código de barras | Fecha visto por última vez | Precio válido a partir de | Tipo de ítem Koha |
|---|---|---|---|---|---|---|---|---|---|---|---|---|---|
| El ejemplar forma parte de la colección y puede ser consultado según las políticas vigentes. | Biblioteca Centro de Estudios Ruth D. Lechuga | Biblioteca Centro de Estudios Ruth D. Lechuga | 14/04/2014 | Au1852 | F1219 .E57 1989 (Au1852) | GRL01785 | 22/03/2019 | 22/03/2019 | Libros |